| 000 | 01505nam a2200469 i 4500 | ||
|---|---|---|---|
| 001 | 53367 | ||
| 003 | KOSZ 005 | ||
| 005 | 20220609144156.0 | ||
| 008 | 991012s1999 pl |000 0 pol | ||
| 015 | _aUWD 1999/16122 | ||
| 020 | _a8320812259 | ||
| 035 | _a991011558369705066 | ||
| 035 | _a(PL-WaBN)b13142628-48omnis_nlop | ||
| 035 | _ab13142628 | ||
| 035 | _a(OCoLC)749364187 | ||
| 035 | _azz2007868076 | ||
| 035 | _a(PL)b0000001314262 | ||
| 035 | _a(EXLNZ-48OMNIS_NETWORK)9910521399805606 | ||
| 040 |
_aWA N _cWA N _dKR U _dKOSZ 005/HR |
||
| 041 | 0 | _apol | |
| 080 | _a339.5 | ||
| 080 | _a(075.8) | ||
| 100 | 1 |
_aBiałecki, Klemens Paweł _d(1929-2021) _eAutor |
|
| 245 | 1 | 0 |
_aOperacje handlu zagranicznego / _cKlemens P. Białecki. |
| 250 | _aWyd. 2 zm. | ||
| 260 |
_aWarszawa : _bPolskie Wydaw. Ekonomiczne, _c1999. |
||
| 300 |
_a291, [1] s. ; _c24 cm. |
||
| 336 |
_aTekst _btxt _2rdacontent |
||
| 337 |
_aBez urządzenia pośredniczącego _bn _2rdamedia |
||
| 338 |
_aWolumin _bnc _2rdacarrier |
||
| 380 | _aKsiążki | ||
| 388 | _a1901-2000 | ||
| 388 | _a1989-2000 | ||
| 504 | _aBibliogr. s. 239-240. | ||
| 650 | 7 |
_aHandel zagraniczny _2DBN |
|
| 655 | 7 |
_aPodręczniki akademickie _2DBN |
|
| 658 | _aGospodarka, ekonomia, finanse | ||
| 710 | 2 |
_aPolskie Wydawnictwo Ekonomiczne _4pbl |
|
| 856 |
_uhttp://koha.tu.koszalin.pl/cgi-bin/koha/opac-detail.pl?biblionumber=53367 _yKatalog online BPK |
||
| 942 |
_2UKD _cKS |
||
| 999 |
_c53367 _d53367 |
||